000 00567nam a2200181Ia 4500
008 090630s9999 xx 000 0 und d
082 _b27702
100 _aठाकूर दिलीप.
245 _aअॅक्टे्रस.
_cठाकूर दिलीप.
260 _bअनघा - ठाणे.
_c2007
300 _a136
600 _aठाकूर दिलीप.
630 _aअॅक्टे्रस.
655 _aइतर.
700 _aठाकूर दिलीप.
730 _aअॅक्टे्रस.
942 _cBOOK
999 _c279558
_d279558